| Tag |
First Indicator |
Second Indicator |
Subfields |
| LEADER |
00000cam a2200000 a 4500 |
| 001 |
in00000018410 |
| 005 |
20151007053232.0 |
| 008 |
870305s1987 miu b 00010 eng |
| 010 |
|
|
|a 87006251
|
| 020 |
|
|
|a 0310300312 (pbk.)
|
| 035 |
|
|
|a (OCoLC)15519897
|
| 035 |
|
|
|9 AAB0901AM
|
| 040 |
|
|
|a DLC
|c DLC
|d TXA
|d UtOrBLW
|
| 043 |
|
|
|a n-us---
|
| 049 |
|
|
|a TXAM
|c [A11084315]
|
| 050 |
0 |
0 |
|a E840
|b .A67 1987
|
| 082 |
0 |
|
|a 241/.624/0973
|2 19
|
| 100 |
1 |
|
|a Amstutz, Mark R.
|
| 245 |
1 |
0 |
|a Christian ethics & U.S. foreign policy /
|c Mark R. Amstutz.
|
| 264 |
|
1 |
|a Grand Rapids, Mich. :
|b Academie Books,
|c [1987]
|
| 264 |
|
4 |
|c ©1987
|
| 300 |
|
|
|a 192 pages ;
|c 21 cm.
|
| 336 |
|
|
|a text
|b txt
|2 rdacontent
|
| 337 |
|
|
|a unmediated
|b n
|2 rdamedia
|
| 338 |
|
|
|a volume
|b nc
|2 rdacarrier
|
| 504 |
|
|
|a Bibliography: pages 190-192.
|
| 651 |
|
0 |
|a United States
|x Foreign relations
|y 1945-1953
|x Moral and ethical aspects.
|
| 650 |
|
0 |
|a Christianity and international relations.
|
| 651 |
|
0 |
|a United States
|x Foreign relations
|y 1945-1989
|x Moral and ethical aspects.
|
| 740 |
0 |
|
|a Christian ethics and U.S. foreign policy.
|
| 999 |
|
|
|a MARS
|
| 999 |
f |
f |
|s a68e958d-04c4-3538-a7ce-8104b70ec59e
|i 46f780f0-3645-30c0-adc1-10d28123dcc2
|t 0
|
| 952 |
f |
f |
|p ric
|a Texas A&M University
|b Rellis Campus
|c Joint Library Facility
|d Remote Storage
|t 0
|e E840 .A67 1987
|h Library of Congress classification
|i unmediated -- volume
|m A14811084315
|
| 998 |
f |
f |
|a E840 .A67 1987
|t 0
|l Remote Storage
|